书目信息 |
| 题名: |
观音菩萨
|
|
| 作者: | 曼陀罗室人主 著 | |
| 分册: | ||
| 出版信息: | 北京 大众文艺出版社 2009.03 |
|
| 页数: | 182页 | |
| 开本: | 20cm | |
| 丛书名: | 中国民族民间文艺丛书 | |
| 单 册: | ||
| 中图分类: | I242 | |
| 科图分类: | ||
| 主题词: | 章回小说--中国--清代 , 中篇小说--中国--清代 , 古典小说--中国--清代 | |
| 电子资源: | ||
| ISBN: | 978-7-80094-186-3 | |
| 000 | 00854nam 2200277 45 | |
| 001 | CAL 0120100324298m | |
| 005 | 20111227083114.31 | |
| 010 | @a978-7-80094-186-3@dCNY29.80 | |
| 100 | @a20111116d2009 em y0chiy0120 ea | |
| 101 | 0 | @achi |
| 102 | @aCN@b110000 | |
| 105 | @ay z 000yy | |
| 200 | 10 | @a观音菩萨@Aguan yin pu sa@f(清) 曼陀罗室人主著@F(qing)man tuo luo shi ren zhu zhu |
| 205 | @a第4版 | |
| 210 | @a北京@c大众文艺出版社@d2009.03 | |
| 215 | @a182页@d20cm | |
| 225 | 2 | @a中国民族民间文艺丛书 |
| 330 | @a本书是一部古典章回体小说。 | |
| 410 | 0 | @120010@a中国民族民间文艺丛书 |
| 606 | @a章回小说@y中国@z清代 | |
| 606 | @a中篇小说@y中国@z清代 | |
| 606 | @a古典小说@y中国@z清代 | |
| 690 | @aI242@v5 | |
| 701 | 0 | @a曼陀罗室人主@Aman tuo luo shi ren zhu@4著 |
| 801 | 0 | @aCN@c20111227 |
| 905 | @a郑州市财税学校图书馆@dI242@eM313=4@f3 | |
| 观音菩萨/(清) 曼陀罗室人主著.-第4版.-北京:大众文艺出版社,2009.03 |
| 182页;20cm.-(中国民族民间文艺丛书) |
| ISBN 978-7-80094-186-3:CNY29.80 |
| 本书是一部古典章回体小说。 |
| ● |
| 相关链接 |
|
|
|
正题名:观音菩萨
索取号:I242/M313=4
 
预约/预借
| 序号 | 登录号 | 条形码 | 馆藏地/架位号 | 状态 | 备注 |
| 1 | 1181090 | 211810904 | 文学库108/108文学库 21排1列4层/ [索取号:I242/M313=4] | 在馆 | |
| 2 | 1181091 | 211810913 | 文学库108/108文学库 21排1列4层/ [索取号:I242/M313=4] | 在馆 | |
| 3 | 1181092 | 211810922 | 文学库108/108文学库 21排1列4层/ [索取号:I242/M313=4] | 在馆 |